000 00649cam a2200145 4500500
005 20260208005827.0
041 _afre
042 _adc
100 1 0 _aNøjgaard, Morten
_eauthor
245 0 0 _aDOROTHEA KULLMANN, Description. Theorie und Praxis der Beschreibung im französischen Roman von Chateaubriand bis Zola. Heidelberg, Universitätsverlag, 2004. Un vol. de 761 p.
260 _c2005.
500 _a11
786 0 _nRevue d'histoire littéraire de la France | 105 | 3 | 2005-06-01 | p. 655zj-764zj | 0035-2411
856 4 1 _uhttps://shs.cairn.info/revue-d-histoire-litteraire-de-la-france-2005-3-page-655zj?lang=fr&redirect-ssocas=7080
999 _c1653969
_d1653969